Statistics for payday 2 characters

Click here to take the quiz!

General Stats

  • This quiz has been taken 531 times
  • The average score is 16 of 19

Answer Stats

HintAnswer% Correct
PAYDAY gang leaderDallas
99%
Original PAYDAY gang memberHoxton
98%
Original PAYDAY gang memberWolf
96%
Original PAYDAY gang memberChains
94%
Gang leader's brotherHouston
93%
The brains behind the PAYDAY gangBain
92%
Hotline Miami main characterJacket
91%
Irish gang memberClover
85%
Russian heist giverVlad
84%
Russian hockey playerSokol
83%
Scottish gang memberBonnie
81%
Japanese Yakuza memberJiro
81%
Based on a movieJohn Wick
80%
The Rat behind Hoxton's arrestHector
76%
Weapon dealerGage
73%
Responsible for the benevolent bank heistThe Dentist
73%
The Butcher's right hand manDragan
71%
A dirty Republican CongressmanThe Elephant
71%
Responsible for the Bomb heistsThe Butcher
66%

Score Distribution

Percentile by Number Answered

Percent of People with Each Score

Your Score History

You have not taken this quiz